00494nam a22001337a 4500008004100000020001800041040001700059041000700076100003800083245017900121250001400300260003500314300001100349130626t xxu||||| |||| 00| 0 eng d a2-85952-912-8 aBUACcCDIRSP aFr aDerenne O, Lcucas A , Barthes R  aManuel de gestion des ressources humaines dans la fonction publique hospitaliéreb ; le développement des ressources humainesc / O DERENNE , A LUCAS , R BARTHES, et al  a2 è Ed. aRennes :bEditions ENSP,c2005 a444 p.